| 000 | 00560nam a2200181Ia 4500 | ||
|---|---|---|---|
| 999 |
_c23201 _d23201 |
||
| 003 | OSt | ||
| 005 | 20200512124924.0 | ||
| 008 | 190216s9999||||xx |||||||||||||| ||und|| | ||
| 020 | _a9788174352897 | ||
| 040 | _coclc | ||
| 082 |
_a297.092 _bALI/S |
||
| 100 |
_a Ali, Sheikh Jameil _92228 |
||
| 245 | 0 |
_aSayyid Jamal Al-Din Al-Afghani And The West / _cSheikh Jameil Ali |
|
| 260 |
_bAdam Publishers&Distributors, _c2002. _aNew Delhi: |
||
| 300 | _a127p | ||
| 650 | _aIslamic History | ||
| 942 |
_cBK _2ddc _h297.092 _iALI/S _k297.092 _mALI/S |
||